The World almanac and book of facts, 1996 / (Record no. 136840)

MARC details
000 -LEADER
fixed length control field 00650nam a2200217 4500
010 ## - LIBRARY OF CONGRESS CONTROL NUMBER
LC control number A-779878
020 ## - INTERNATIONAL STANDARD BOOK NUMBER
International Standard Book Number 0886877806
035 ## - SYSTEM CONTROL NUMBER
System control number A-779878
037 ## - SOURCE OF ACQUISITION
Source of stock number/acquisition Cen Lib / Ret
040 ## - CATALOGING SOURCE
Original cataloging agency DPL
Language of cataloging EN
082 ## - DEWEY DECIMAL CLASSIFICATION NUMBER
Classification number 050
Item number WOR
245 ## - TITLE STATEMENT
Title The World almanac and book of facts, 1996 /
Statement of responsibility, etc edied by Robert Famighetti
260 ## - PUBLICATION, DISTRIBUTION, ETC. (IMPRINT)
Place of publication, distribution, etc New Jersey
Name of publisher, distributor, etc World Almanac Books
Date of publication, distribution, etc 1996
270 ## - ADDRESS
Address One International Boulevard Suite 444
City New Jersey
300 ## - PHYSICAL DESCRIPTION
Extent 975p
Other physical details 27cm(Hb)
650 ## - SUBJECT ADDED ENTRY--TOPICAL TERM
Topical term or geographic name as entry element Almanacs, American.
650 ## - SUBJECT ADDED ENTRY--TOPICAL TERM
Topical term or geographic name as entry element Statistics -- Periodicals.
650 ## - SUBJECT ADDED ENTRY--TOPICAL TERM
Topical term or geographic name as entry element Almanacs.
700 ## - ADDED ENTRY--PERSONAL NAME
Personal name Famighetti, Robert
942 ## - ADDED ENTRY ELEMENTS (KOHA)
Source of classification or shelving scheme Dewey Decimal Classification
Koha item type English Books
Classification part 050
Call number suffix WOR
Holdings
Withdrawn status Lost status Source of classification or shelving scheme Damaged status Not for loan Home library Current library Date acquired Source of acquisition Total Checkouts Full call number Barcode Date last seen Copy number Price effective from Koha item type
    Dewey Decimal Classification     Central Library Central Library 10/03/2016 Cen Lib/Ret   050 WOR A-779878 10/03/2016 1 10/03/2016 English Books

© Delhi Public Library
Hit Counter
free hit counter